[Event "Araraquara op 2nd"]
[Site "Araraquara"]
[Date "2024.02.12"]
[Round "6"]
[White "De Oliveira, Jairo Quintiliano"]
[Black "Campelo, Leandro Fabricio"]
[Result "1/2-1/2"]
[WhiteElo "1842"]
[BlackElo "2100"]
[PlyCount "48"]
[EventDate "2024.02.10"]
[EventType "swiss"]
[EventRounds "7"]
[EventCountry "BRA"]
[SourceTitle "CB09_2024"]
[SourceDate "2024.02.28"]
[SourceVersion "1"]
[SourceVersionDate "2024.02.28"]
[SourceQuality "1"]

1. e4 c5 2. Nf3 e6 3. d4 cxd4 4. Nxd4 Nc6 5. Nc3 Qc7 6. Be3 a6 7. Qd2 Nf6 8. 0-0-0 Be7 9. f3 0-0 10. g4 b5 11. g5 Nh5 12. Kb1 Bb7 13. Nb3 d6 14. f4 b4 15. Na4 Na5 16. Qxb4 Nxb3 17. axb3 Rac8 18. Bd3 d5 19. Qd2 dxe4 20. Be2 Rfd8 21. Qc1 g6 22. Rxd8+ Qxd8 23. Bxh5 gxh5 24. Qd1 Qc7 1/2-1/2

[Event "Araraquara op 2nd"]
[Site "Araraquara"]
[Date "2024.02.10"]
[Round "2"]
[White "Dezejacomo, Daniel Otavio Silva"]
[Black "Campelo, Leandro Fabricio"]
[Result "0-1"]
[WhiteElo "1754"]
[BlackElo "2100"]
[PlyCount "94"]
[EventDate "2024.02.10"]
[EventType "swiss"]
[EventRounds "7"]
[EventCountry "BRA"]
[SourceTitle "CB09_2024"]
[SourceDate "2024.02.28"]
[SourceVersion "1"]
[SourceVersionDate "2024.02.28"]
[SourceQuality "1"]

1. d4 Nf6 2. Nc3 d5 3. Bf4 c6 4. e3 g6 5. Nf3 Bg4 6. Be2 Bg7 7. Ne5 Bxe2 8. Qxe2 Nbd7 9. h4 h5 10. 0-0-0 Qa5 11. Kb1 e6 12. e4 0-0 13. f3 dxe4 14. fxe4 Nxe5 15. Bxe5 Ng4 16. Bxg7 Kxg7 17. Rhf1 Rad8 18. Rf3 Rd7 19. Qc4 Rfd8 20. d5 cxd5 21. exd5 Ne5 22. Qd4 Rxd5 23. Nxd5 Rxd5 24. Qg1 Nxf3 25. gxf3 Qc5 26. Qh1 Rxd1+ 27. Qxd1 Qf2 28. Qh1 e5 29. a3 Kf6 30. Qh3 Kg7 31. b4 Qd4 32. Ka2 Qc3 33. Qh2 f5 34. Kb1 Kf6 35. Qg1 Qxf3 36. Qxa7 Qd1+ 37. Ka2 Qxc2+ 38. Ka1 Qd1+ 39. Ka2 Qd5+ 40. Kb1 f4 41. Qb8 Qb3+ 42. Kc1 Qxa3+ 43. Kc2 Qxb4 44. Qh8+ Kf5 45. Qc8+ Ke4 46. Qe6 Qa4+ 47. Kb2 Qb5+ 0-1

[Event "Pindamonhangaba Rezende Memorial"]
[Site "Pindamonhangaba"]
[Date "2023.08.05"]
[Round "4"]
[White "Seccafim, Caic Dos Santos"]
[Black "Campelo, Leandro Fabricio"]
[Result "1-0"]
[WhiteElo "1984"]
[BlackElo "2121"]
[PlyCount "65"]
[EventDate "2023.08.04"]
[EventType "swiss"]
[EventRounds "6"]
[EventCountry "BRA"]
[SourceTitle "CBM 215 Extra"]
[Source "ChessBase"]
[SourceDate "2023.09.30"]
[SourceVersion "1"]
[SourceVersionDate "2023.09.30"]
[SourceQuality "1"]

1. e4 e6 2. b3 d5 3. Bb2 Nf6 4. e5 Nfd7 5. f4 c5 6. Nf3 Nc6 7. c3 Be7 8. d4 Qb6 9. Bd3 cxd4 10. cxd4 Nb4 11. Be2 0-0 12. a3 Nc6 13. b4 f6 14. Nc3 fxe5 15. fxe5 Qd8 16. 0-0 Nb6 17. Bd3 Bd7 18. Qb1 h6 19. Bc1 Be8 20. Ne2 g5 21. g4 Rc8 22. h4 a5 23. b5 Na7 24. a4 Nc4 25. Kg2 Kg7 26. hxg5 Bxg5 27. Nxg5 hxg5 28. Rxf8 Kxf8 29. Bxc4 dxc4 30. Qh7 Qd5+ 31. Kg3 Bf7 32. Ba3+ Ke8 33. Rf1 1-0

[Event "Titled Tuesday intern op 14th Mar Late"]
[Site "Chess.com INT"]
[Date "2023.03.14"]
[Round "8"]
[White "Bach, Matthias"]
[Black "Campelo, Leandro Fabricio"]
[Result "0-1"]
[WhiteElo "2198"]
[BlackElo "2121"]
[PlyCount "86"]
[EventDate "2023.03.14"]
[EventType "swiss (blitz)"]
[EventRounds "11"]
[EventCountry "USA"]
[SourceTitle "EXT 2024"]
[Source "ChessBase"]
[SourceDate "2023.10.10"]
[SourceVersion "1"]
[SourceVersionDate "2023.10.10"]
[SourceQuality "1"]

1. d4 Nf6 2. c4 g6 3. Nc3 Bg7 4. e4 d6 5. f4 0-0 6. Nf3 c5 7. d5 e6 8. Be2 exd5 9. cxd5 Nbd7 10. 0-0 Re8 11. Qc2 Qe7 12. Nd2 c4 13. Bf3 Nc5 14. Re1 Nd3 15. Rf1 Nxf4 16. Nxc4 N4h5 17. e5 dxe5 18. Bg5 h6 19. Bxf6 Nxf6 20. Rae1 Qc5+ 21. Ne3 e4 22. Bd1 Bg4 23. Kh1 Bxd1 24. Qxd1 Rad8 25. Qb3 b6 26. a3 Nd7 27. Ng4 f5 28. Nf2 Ne5 29. Nh3 Nd3 30. Rd1 Kh7 31. Nf4 Nf2+ 32. Rxf2 Qxf2 33. Ne6 Rd6 34. Qb5 Re7 35. Rf1 Qh4 36. Qb4 Be5 37. h3 Qg3 38. Kg1 Qh2+ 39. Kf2 Qg3+ 40. Kg1 Qh2+ 41. Kf2 Bg3+ 42. Ke2 Qxg2+ 43. Ke3 Qxf1 0-1

[Event "Titled Tuesday intern op 14th Mar Late"]
[Site "Chess.com INT"]
[Date "2023.03.14"]
[Round "5"]
[White "Campelo, Leandro Fabricio"]
[Black "Sarkar, Justin"]
[Result "1-0"]
[WhiteElo "2121"]
[BlackElo "2338"]
[PlyCount "61"]
[EventDate "2023.03.14"]
[EventType "swiss (blitz)"]
[EventRounds "11"]
[EventCountry "USA"]
[SourceTitle "EXT 2024"]
[Source "ChessBase"]
[SourceDate "2023.10.10"]
[SourceVersion "1"]
[SourceVersionDate "2023.10.10"]
[SourceQuality "1"]

1. e4 e5 2. Nf3 Nc6 3. Bb5 a6 4. Ba4 Nf6 5. 0-0 Be7 6. Re1 b5 7. Bb3 d6 8. c3 0-0 9. h3 h6 10. d4 Re8 11. Nbd2 Bf8 12. Bc2 Bd7 13. Nf1 exd4 14. cxd4 Nb4 15. Bb1 c5 16. a3 Nc6 17. d5 Ne5 18. Nxe5 dxe5 19. Ng3 Bd6 20. Be3 c4 21. Qd2 Qc7 22. Bc2 Bc5 23. Bxh6 gxh6 24. Qxh6 Nh7 25. Nf5 Bxf5 26. exf5 f6 27. Re4 Ng5 28. Rg4 Qf7 29. h4 Bf8 30. Qg6+ Qxg6 31. fxg6 1-0

[Event "Florianopolis op 9th"]
[Site "Florianopolis"]
[Date "2023.01.28"]
[Round "8"]
[White "Rodi, Luis Ernesto"]
[Black "Campelo, Leandro Fabricio"]
[Result "1-0"]
[WhiteElo "2295"]
[BlackElo "2125"]
[PlyCount "59"]
[EventDate "2023.01.23"]
[EventType "swiss"]
[EventRounds "10"]
[EventCountry "BRA"]
[SourceTitle "CBM 212 Extra"]
[Source "ChessBase"]
[SourceDate "2023.03.31"]
[SourceVersion "1"]
[SourceVersionDate "2023.03.31"]
[SourceQuality "1"]

1. e4 c5 2. Nc3 e6 3. Nf3 Nc6 4. Bb5 Nge7 5. d4 cxd4 6. Nxd4 Ng6 7. 0-0 Be7 8. Be3 0-0 9. f4 a6 10. Nxc6 bxc6 11. Bd3 d5 12. Na4 d4 13. Bd2 c5 14. Qh5 Qc7 15. b3 Re8 16. Rf3 e5 17. f5 Nf4 18. Qg4 h5 19. Qg3 c4 20. bxc4 Rb8 21. Rxf4 exf4 22. Bxf4 Qc6 23. Bxb8 Qxa4 24. Be5 f6 25. Bxd4 Rd8 26. Be3 Qb4 27. Rf1 Bc5 28. Qf2 Bxe3 29. Qxe3 Qc3 30. Qb6 1-0

[Event "Titled Tuesday intern op 13th Dec Late"]
[Site "Chess.com INT"]
[Date "2022.12.13"]
[Round "3"]
[White "Campelo, Leandro Fabricio"]
[Black "Dudzinski, Pawel"]
[Result "0-1"]
[WhiteElo "2125"]
[BlackElo "2186"]
[PlyCount "66"]
[EventDate "2022.12.13"]
[EventType "swiss (blitz)"]
[EventRounds "11"]
[EventCountry "USA"]
[SourceTitle "EXT 2024"]
[Source "ChessBase"]
[SourceDate "2023.10.10"]
[SourceVersion "1"]
[SourceVersionDate "2023.10.10"]
[SourceQuality "1"]

1. e4 c6 2. d4 d5 3. Nd2 dxe4 4. Nxe4 Nf6 5. Nxf6+ exf6 6. c3 Bd6 7. Bd3 0-0 8. Qc2 h5 9. Bd2 Re8+ 10. Ne2 Qc7 11. 0-0-0 Be6 12. c4 Nd7 13. Kb1 Nf8 14. Ng3 h4 15. Nf5 Bxf5 16. Bxf5 Bf4 17. g3 Bxd2 18. Qxd2 g6 19. Bc2 Kg7 20. f4 f5 21. g4 Ne6 22. gxf5 Nxf4 23. fxg6 Re2 24. Qc3 fxg6 25. d5+ Qe5 26. Qf3 Rf8 27. Rhg1 Rxc2 28. Kxc2 Ne2 29. Qd3 Nxg1 30. Rxg1 Rf2+ 31. Kd1 g5 32. Re1 Qxb2 33. Re7+ Kf8 0-1

[Event "Titled Tuesday intern op 13th Dec Late"]
[Site "Chess.com INT"]
[Date "2022.12.13"]
[Round "2"]
[White "Jumanov, Elbek"]
[Black "Campelo, Leandro Fabricio"]
[Result "1-0"]
[WhiteElo "2155"]
[BlackElo "2125"]
[PlyCount "65"]
[EventDate "2022.12.13"]
[EventType "swiss (blitz)"]
[EventRounds "11"]
[EventCountry "USA"]
[SourceTitle "EXT 2024"]
[Source "ChessBase"]
[SourceDate "2023.10.10"]
[SourceVersion "1"]
[SourceVersionDate "2023.10.10"]
[SourceQuality "1"]

1. c4 g6 2. Nf3 Bg7 3. Nc3 d6 4. g3 Nf6 5. Bg2 0-0 6. 0-0 e5 7. d3 Re8 8. Rb1 e4 9. Ne1 exd3 10. Nxd3 Nc6 11. b4 Rb8 12. Bb2 Be6 13. Nd5 Bxd5 14. cxd5 Ne7 15. e4 Nd7 16. Bxg7 Kxg7 17. f4 f6 18. Qc2 c6 19. dxc6 bxc6 20. Rfd1 Nf8 21. Kh1 Qb6 22. a3 Red8 23. Nb2 Ne6 24. Nc4 Qc7 25. Rd3 d5 26. Nd2 dxe4 27. Nxe4 Nf5 28. Rbd1 Rxd3 29. Rxd3 Rd8 30. Qd2 Rxd3 31. Qxd3 c5 32. Qc3 c4 33. Qxf6+ 1-0

[Event "Titled Tuesday intern op 13th Dec Late"]
[Site "Chess.com INT"]
[Date "2022.12.13"]
[Round "6"]
[White "Kleiman, Jake"]
[Black "Campelo, Leandro Fabricio"]
[Result "1-0"]
[WhiteElo "2399"]
[BlackElo "2125"]
[PlyCount "57"]
[EventDate "2022.12.13"]
[EventType "swiss (blitz)"]
[EventRounds "11"]
[EventCountry "USA"]
[SourceTitle "EXT 2024"]
[Source "ChessBase"]
[SourceDate "2023.10.10"]
[SourceVersion "1"]
[SourceVersionDate "2023.10.10"]
[SourceQuality "1"]

1. e4 c5 2. c3 e6 3. d4 d5 4. exd5 exd5 5. Nf3 Nc6 6. Bb5 Bd6 7. 0-0 Nge7 8. dxc5 Bxc5 9. Nbd2 0-0 10. Nb3 Bb6 11. Bd3 h6 12. h3 Bf5 13. Re1 Re8 14. Be3 Bc7 15. Bc5 b6 16. Bxe7 Nxe7 17. Rxe7 Rxe7 18. Bxf5 Qd6 19. Bc2 Rae8 20. Nbd4 Qf6 21. Qd3 g6 22. g3 Kg7 23. Kg2 Bb8 24. Rd1 h5 25. h4 Rd8 26. Ba4 Qd6 27. Nc6 Rde8 28. Nxe7 Rxe7 29. Qxd5 1-0

[Event "Pocos de Caldas op"]
[Site "Pocos de Caldas"]
[Date "2022.03.12"]
[Round "3"]
[White "Campelo, Leandro Fabricio"]
[Black "Pires, Marcos Vinicius Tor"]
[Result "1/2-1/2"]
[WhiteElo "2117"]
[BlackElo "2294"]
[PlyCount "41"]
[EventDate "2022.03.11"]
[EventType "swiss"]
[EventRounds "6"]
[EventCountry "BRA"]
[SourceTitle "CBM 207 Extra"]
[Source "ChessBase"]
[SourceDate "2022.05.31"]
[SourceVersion "1"]
[SourceVersionDate "2022.05.31"]
[SourceQuality "1"]

1. e4 e5 2. Nf3 Nc6 3. Bb5 a6 4. Ba4 Nf6 5. 0-0 b5 6. Bb3 Bc5 7. c3 d6 8. d4 Bb6 9. h3 0-0 10. a4 Rb8 11. axb5 axb5 12. Na3 b4 13. dxe5 bxa3 14. exf6 axb2 15. Bxb2 Qxf6 16. Nd4 Na5 17. Bc2 Bxd4 18. cxd4 Rxb2 19. Rxa5 c5 20. e5 Qd8 21. Ra8 1/2-1/2

[Event "Pocos de Caldas op"]
[Site "Pocos de Caldas"]
[Date "2022.03.11"]
[Round "1"]
[White "Campelo, Leandro Fabricio"]
[Black "Casalaspro, Mathias Andre"]
[Result "1-0"]
[WhiteElo "2117"]
[BlackElo "1575"]
[PlyCount "45"]
[EventDate "2022.03.11"]
[EventType "swiss"]
[EventRounds "6"]
[EventCountry "BRA"]
[SourceTitle "CBM 207 Extra"]
[Source "ChessBase"]
[SourceDate "2022.05.31"]
[SourceVersion "1"]
[SourceVersionDate "2022.05.31"]
[SourceQuality "1"]

1. e4 c6 2. d4 d5 3. Nc3 dxe4 4. Nxe4 Nf6 5. Nxf6+ exf6 6. c3 Bd6 7. Bd3 0-0 8. Qc2 Re8+ 9. Ne2 h6 10. Bd2 Nd7 11. 0-0-0 b5 12. Kb1 a5 13. Ng3 Nb6 14. Qc1 Bf8 15. Rde1 Ra7 16. f3 Be6 17. Be4 Bd5 18. Nf5 Re6 19. h4 Nc4 20. Rh3 Nxd2+ 21. Qxd2 Bd6 22. h5 Bf8 23. Rg3 1-0

[Event "Titled Tuesday intern op 01st Feb-A"]
[Site "Chess.com INT"]
[Date "2022.02.01"]
[Round "2"]
[White "Campelo, Leandro Fabricio"]
[Black "Rodchenkov, Sergey D"]
[Result "0-1"]
[WhiteElo "2117"]
[BlackElo "2346"]
[PlyCount "72"]
[EventDate "2022.02.01"]
[EventType "swiss (blitz)"]
[EventRounds "11"]
[EventCountry "USA"]
[SourceTitle "CBM 206 Extra"]
[Source "ChessBase"]
[SourceDate "2022.03.31"]
[SourceVersion "1"]
[SourceVersionDate "2022.03.31"]
[SourceQuality "1"]

1. e4 c5 2. Nf3 d6 3. d4 cxd4 4. Nxd4 Nf6 5. Nc3 a6 6. Rg1 e5 7. Nb3 Be7 8. g4 Be6 9. g5 Nfd7 10. h4 Nc6 11. h5 g6 12. Be3 Nb6 13. Nd5 Bxd5 14. exd5 Na7 15. Qd2 Rc8 16. Qa5 Rc5 17. Nxc5 dxc5 18. Bxc5 Qxd5 19. Qxb6 Bxc5 20. Qb3 Qd4 21. Rg2 Qe4+ 22. Kd1 0-0 23. Qg3 Qb4 24. Qb3 Rd8+ 25. Bd3 Qf4 26. Ke2 e4 27. Bc4 Rd2+ 28. Ke1 Bxf2+ 29. Kf1 Be3+ 30. Ke1 Rxg2 31. Bxf7+ Qxf7 32. hxg6 Qxb3 33. gxh7+ Kxh7 34. axb3 Rg1+ 35. Ke2 Rxa1 36. Kxe3 Kg6 0-1

[Event "Titled Tuesday intern op 01st Feb-A"]
[Site "Chess.com INT"]
[Date "2022.02.01"]
[Round "3"]
[White "Mirzanurov, Bulat"]
[Black "Campelo, Leandro Fabricio"]
[Result "1-0"]
[WhiteElo "2199"]
[BlackElo "2117"]
[PlyCount "65"]
[EventDate "2022.02.01"]
[EventType "swiss (blitz)"]
[EventRounds "11"]
[EventCountry "USA"]
[SourceTitle "CBM 206 Extra"]
[Source "ChessBase"]
[SourceDate "2022.03.31"]
[SourceVersion "1"]
[SourceVersionDate "2022.03.31"]
[SourceQuality "1"]

1. e4 c5 2. Nf3 e6 3. d4 cxd4 4. Nxd4 Nc6 5. Nc3 Qc7 6. Be3 a6 7. Bd3 Nf6 8. Qe2 b5 9. 0-0 Ne5 10. a3 Neg4 11. g3 Nxe3 12. Qxe3 Bb7 13. Nb3 h5 14. h4 Ng4 15. Qe2 Bd6 16. f4 Qb6+ 17. Kh1 f5 18. Rae1 g5 19. hxg5 h4 20. Kg2 hxg3 21. Kxg3 0-0-0 22. Rh1 Rxh1 23. Rxh1 Qc7 24. Qf3 Qb6 25. exf5 exf5 26. Bxf5 Ne3 27. Be4 Nf5+ 28. Kg4 Bxe4 29. Nxe4 Nd4 30. Nxd4 Qxd4 31. Rd1 Qxb2 32. Nxd6+ Kc7 33. Qb7# 1-0

[Event "Titled Tuesday intern op 01st Feb-A"]
[Site "Chess.com INT"]
[Date "2022.02.01"]
[Round "9"]
[White "Pinto, Daniel"]
[Black "Campelo, Leandro Fabricio"]
[Result "0-1"]
[WhiteElo "2211"]
[BlackElo "2117"]
[PlyCount "84"]
[EventDate "2022.02.01"]
[EventType "swiss (blitz)"]
[EventRounds "11"]
[EventCountry "USA"]
[SourceTitle "CBM 206 Extra"]
[Source "ChessBase"]
[SourceDate "2022.03.31"]
[SourceVersion "1"]
[SourceVersionDate "2022.03.31"]
[SourceQuality "1"]

1. e4 c5 2. Nf3 e6 3. d4 cxd4 4. Nxd4 Nc6 5. Nc3 Qc7 6. g3 a6 7. Bg2 Nf6 8. 0-0 Nxd4 9. Qxd4 Bc5 10. Qd3 0-0 11. Bg5 d6 12. h3 Nd7 13. Kh1 Ne5 14. Qe2 b5 15. f4 Nc4 16. b3 Ne3 17. Rf3 Nxg2 18. Kxg2 Bb7 19. Rd1 f5 20. g4 b4 21. gxf5 exf5 22. Nd5 Qf7 23. Rfd3 Rae8 24. e5 dxe5 25. fxe5 f4 26. Qg4 f3+ 27. Kf1 Rxe5 28. Nf6+ Kh8 29. Rd7 Qg6 30. Rd8 Qxc2 31. Rxf8+ Bxf8 32. Rd2 Qc1+ 33. Kf2 Bc5+ 34. Kg3 Qg1+ 35. Kh4 Bf2+ 36. Kh5 Qxg4+ 37. hxg4 gxf6 38. Rd8+ Kg7 39. Rd7+ Kf8 40. Rxb7 Rxg5+ 41. Kh6 Be3 42. Kxh7 f2 0-1

[Event "Titled Tuesday intern op 06th July"]
[Site "Chess.com INT"]
[Date "2021.07.06"]
[Round "2"]
[White "Guliev, Logman"]
[Black "Campelo, Leandro Fabricio"]
[Result "1-0"]
[WhiteElo "2273"]
[BlackElo "2117"]
[PlyCount "65"]
[EventDate "2021.07.06"]
[EventType "swiss (blitz)"]
[EventRounds "11"]
[EventCountry "USA"]
[SourceTitle "EXT 2022"]
[Source "ChessBase"]
[SourceDate "2021.10.06"]
[SourceVersion "1"]
[SourceVersionDate "2021.10.06"]
[SourceQuality "1"]

1. d4 Nf6 2. c4 g6 3. Nc3 Bg7 4. Nf3 d6 5. e4 0-0 6. h3 e5 7. Be2 Na6 8. d5 Nc5 9. Qc2 a5 10. Be3 Nfd7 11. g4 Nb6 12. Bxc5 dxc5 13. 0-0-0 Bd7 14. Kb1 Nc8 15. Rdg1 Nd6 16. h4 Rb8 17. g5 b5 18. cxb5 Bxb5 19. Nxb5 Nxb5 20. Qxc5 Nd4 21. Nxd4 exd4 22. Bd3 Rb6 23. Rc1 Qb8 24. Rc2 a4 25. Rhc1 Rc8 26. d6 Bf8 27. dxc7 Qb7 28. Qd5 Qa7 29. Qd7 Qb7 30. Bc4 Rxc7 31. Bxf7+ Kh8 32. Qxc7 Rxb2+ 33. Rxb2 1-0

[Event "Titled Tuesday intern op 06th July"]
[Site "Chess.com INT"]
[Date "2021.07.06"]
[Round "6"]
[White "Urquhart, Eddie"]
[Black "Campelo, Leandro Fabricio"]
[Result "1-0"]
[WhiteElo "2209"]
[BlackElo "2117"]
[PlyCount "143"]
[EventDate "2021.07.06"]
[EventType "swiss (blitz)"]
[EventRounds "11"]
[EventCountry "USA"]
[SourceTitle "EXT 2022"]
[Source "ChessBase"]
[SourceDate "2021.10.06"]
[SourceVersion "1"]
[SourceVersionDate "2021.10.06"]
[SourceQuality "1"]

1. e4 c5 2. Nc3 e6 3. g3 Nc6 4. Bg2 g6 5. d3 Bg7 6. f4 d6 7. Nf3 Nge7 8. 0-0 0-0 9. h3 Nd4 10. Ne2 Rb8 11. a4 a6 12. Nexd4 cxd4 13. Bd2 b5 14. axb5 Rxb5 15. b3 Qc7 16. Ra2 Bb7 17. g4 f5 18. Ng5 Qd7 19. exf5 exf5 20. Qe2 Bxg2 21. Kxg2 fxg4 22. hxg4 Nd5 23. Qe6+ Qxe6 24. Nxe6 Rc8 25. Nxg7 Kxg7 26. Rf2 Rbc5 27. Rxa6 Rxc2 28. Rxd6 Ne3+ 29. Bxe3 dxe3 30. Rxc2 Rxc2+ 31. Kf3 e2 32. Kf2 Rb2 33. g5 h5 34. gxh6+ Kh7 35. d4 e1Q+ 36. Kxe1 Rxb3 37. Ke2 Rb5 38. d5 Kxh6 39. f5 Rb2+ 40. Ke3 Kg7 41. fxg6 Rb4 42. Re6 Rh4 43. d6 Rh1 44. Ke4 Rd1 45. Ke5 Rd2 46. Kf5 Rf2+ 47. Ke4 Re2+ 48. Kd5 Rd2+ 49. Kc6 Rc2+ 50. Kb7 Rb2+ 51. Kc8 Rc2+ 52. Kd8 Rd2 53. d7 Kf8 54. Rf6+ Kg7 55. Rf3 Kxg6 56. Ke8 Re2+ 57. Kf8 Rd2 58. Ke7 Re2+ 59. Kd6 Rd2+ 60. Ke6 Re2+ 61. Kd5 Rd2+ 62. Kc6 Rc2+ 63. Kb7 Rd2 64. Kc8 Rc2+ 65. Kd8 Rd2 66. Rf4 Rd3 67. Ke7 Re3+ 68. Kd6 Rd3+ 69. Kc6 Rc3+ 70. Kd5 Rd3+ 71. Rd4 Rxd4+ 72. Kxd4 1-0

[Event "Titled Tuesday intern op 06th July"]
[Site "Chess.com INT"]
[Date "2021.07.06"]
[Round "4"]
[White "Zufic, Miroslav"]
[Black "Campelo, Leandro Fabricio"]
[Result "0-1"]
[WhiteElo "2366"]
[BlackElo "2117"]
[PlyCount "38"]
[EventDate "2021.07.06"]
[EventType "swiss (blitz)"]
[EventRounds "11"]
[EventCountry "USA"]
[SourceTitle "EXT 2022"]
[Source "ChessBase"]
[SourceDate "2021.10.06"]
[SourceVersion "1"]
[SourceVersionDate "2021.10.06"]
[SourceQuality "1"]

1. e4 c5 2. Nf3 e6 3. b3 Nc6 4. Bb2 d5 5. exd5 exd5 6. Bb5 Nf6 7. 0-0 Be7 8. Ne5 Qc7 9. Re1 Be6 10. d4 cxd4 11. Bxd4 0-0 12. Bb2 Rac8 13. Nxc6 bxc6 14. Bd3 Qb6 15. Nd2 Ng4 16. Qf3 Nxf2 17. Re3 Ng4 18. Rae1 Nxe3 19. Rxe3 Bc5 0-1

[Event "Titled Tuesday intern op 04th May"]
[Site "Chess.com INT"]
[Date "2021.05.04"]
[Round "11"]
[White "Sokolov, Andrey M"]
[Black "Campelo, Leandro Fabricio"]
[Result "1-0"]
[WhiteElo "2323"]
[BlackElo "2117"]
[PlyCount "45"]
[EventDate "2021.05.04"]
[EventType "swiss (blitz)"]
[EventRounds "11"]
[EventCountry "USA"]
[SourceTitle "CBM 202 Extra"]
[Source "ChessBase"]
[SourceDate "2021.07.31"]
[SourceVersion "1"]
[SourceVersionDate "2021.07.31"]
[SourceQuality "1"]

1. d4 Nf6 2. Nf3 g6 3. Bf4 Bg7 4. e3 d6 5. Be2 0-0 6. 0-0 c5 7. c3 Nbd7 8. h3 b6 9. a4 a6 10. Nbd2 Bb7 11. Re1 Re8 12. Bh2 e5 13. Nc4 e4 14. Nfd2 cxd4 15. cxd4 Bf8 16. Nxd6 Bxd6 17. Bxd6 Nf8 18. Bg3 Ne6 19. Rc1 Rc8 20. Qb3 Rxc1 21. Rxc1 Bd5 22. Qb4 Qd7 23. Bxa6 1-0

[Event "Florianopolis op 7th"]
[Site "Florianopolis"]
[Date "2021.01.24"]
[Round "10"]
[White "Pertuzatti, Daniel"]
[Black "Campelo, Leandro Fabricio"]
[Result "1/2-1/2"]
[WhiteElo "1949"]
[BlackElo "2142"]
[PlyCount "51"]
[EventDate "2021.01.18"]
[EventType "swiss"]
[EventRounds "10"]
[EventCountry "BRA"]
[SourceTitle "CBM 200 Extra"]
[Source "ChessBase"]
[SourceDate "2021.03.31"]
[SourceVersion "1"]
[SourceVersionDate "2021.03.31"]
[SourceQuality "1"]

1. e4 e6 2. d4 d5 3. e5 c5 4. c3 Qb6 5. Nf3 Nc6 6. a3 Nh6 7. Bd3 Bd7 8. Bc2 a5 9. 0-0 cxd4 10. cxd4 Nf5 11. Bxf5 exf5 12. Nc3 Be6 13. Qd3 h6 14. h4 Be7 15. Rd1 Qd8 16. g3 g5 17. hxg5 hxg5 18. Nb5 g4 19. Ne1 f4 20. Bxf4 Rh5 21. f3 gxf3 22. Qxf3 Rh3 23. Qd3 Qb6 24. Rac1 Kd7 25. Nf3 Rah8 26. Kf2 1/2-1/2

[Event "Florianopolis op 7th"]
[Site "Florianopolis"]
[Date "2021.01.23"]
[Round "8"]
[White "Nunes, Agatha Hurba"]
[Black "Campelo, Leandro Fabricio"]
[Result "0-1"]
[WhiteElo "1817"]
[BlackElo "2142"]
[PlyCount "62"]
[EventDate "2021.01.18"]
[EventType "swiss"]
[EventRounds "10"]
[EventCountry "BRA"]
[SourceTitle "CBM 200 Extra"]
[Source "ChessBase"]
[SourceDate "2021.03.31"]
[SourceVersion "1"]
[SourceVersionDate "2021.03.31"]
[SourceQuality "1"]

1. d4 Nf6 2. Nf3 g6 3. c4 Bg7 4. Nc3 d6 5. Bf4 0-0 6. e3 c5 7. Be2 cxd4 8. exd4 d5 9. 0-0 Nc6 10. h3 dxc4 11. Bxc4 Na5 12. Be2 Be6 13. Qd2 Nc4 14. Bxc4 Bxc4 15. Rfd1 Rc8 16. Bh6 b5 17. Bxg7 Kxg7 18. b3 Bd5 19. Qe3 a6 20. Nxd5 Nxd5 21. Qe5+ Kg8 22. Rac1 Nc3 23. Re1 e6 24. Rc2 b4 25. g4 Qd5 26. Qf4 f6 27. h4 e5 28. Qg3 Ne4 29. Rxe4 Rxc2 30. Re3 exd4 31. Rd3 Rc3 0-1

[Event "Florianopolis op 7th"]
[Site "Florianopolis"]
[Date "2021.01.18"]
[Round "1"]
[White "Campelo, Leandro Fabricio"]
[Black "De Souza Neto, Antonio Martins"]
[Result "1-0"]
[WhiteElo "2142"]
[BlackElo "1858"]
[PlyCount "95"]
[EventDate "2021.01.18"]
[EventType "swiss"]
[EventRounds "10"]
[EventCountry "BRA"]
[SourceTitle "CBM 200 Extra"]
[Source "ChessBase"]
[SourceDate "2021.03.31"]
[SourceVersion "1"]
[SourceVersionDate "2021.03.31"]
[SourceQuality "1"]

1. e4 e6 2. d4 d5 3. Nc3 dxe4 4. Nxe4 Nd7 5. Nf3 Ngf6 6. Nxf6+ Nxf6 7. Bd3 Be7 8. Qe2 0-0 9. Bg5 c5 10. dxc5 Qa5+ 11. Bd2 Qxc5 12. 0-0-0 b6 13. Kb1 Bb7 14. Ne5 Rfd8 15. f4 Rac8 16. Rhe1 Qd5 17. g4 Qg2 18. Qxg2 Bxg2 19. f5 Nd7 20. Nxf7 Rf8 21. fxe6 Nc5 22. Bg5 Bxg5 23. Nxg5 h6 24. e7 Nxd3 25. exf8Q+ Rxf8 26. Rxd3 hxg5 27. Rd7 Be4 28. b3 Bc6 29. Rc7 Rf6 30. Ree7 Rg6 31. Rxa7 Bf3 32. Ra4 Rh6 33. Re5 Rxh2 34. Rxg5 b5 35. Rxb5 Rg2 36. g5 Bc6 37. Rb8+ Kh7 38. Rh4+ Kg6 39. Rc4 Bd7 40. Rb6+ Kxg5 41. Rc7 Rd2 42. Rbb7 Bf5 43. Rxg7+ Kf4 44. Rbc7 Ke3 45. a4 Rh2 46. Rg3+ Kd2 47. a5 Kd1 48. Rcc3 1-0

[Event "Titled Tuesday intern op 24th Nov"]
[Site "Chess.com INT"]
[Date "2020.11.24"]
[Round "10"]
[White "Chernov, Mikhail"]
[Black "Campelo, Leandro Fabricio"]
[Result "1-0"]
[WhiteElo "2213"]
[BlackElo "2154"]
[PlyCount "83"]
[EventDate "2020.11.24"]
[EventType "swiss (blitz)"]
[EventRounds "11"]
[EventCountry "USA"]
[SourceTitle "CBM 199 Extra"]
[Source "ChessBase"]
[SourceDate "2021.01.31"]
[SourceVersion "1"]
[SourceVersionDate "2021.01.31"]
[SourceQuality "1"]

1. e4 c5 2. Nf3 e6 3. d4 cxd4 4. Nxd4 Nc6 5. Be2 Qc7 6. 0-0 a6 7. Be3 Nf6 8. Nc3 Bb4 9. Na4 Be7 10. Nxc6 bxc6 11. Nb6 Rb8 12. Nxc8 Qxc8 13. e5 Nd5 14. Bc1 Bc5 15. a3 0-0 16. c4 Ne7 17. b4 Bb6 18. Bd3 Qc7 19. Qh5 g6 20. Qe2 Bd4 21. Bb2 Bxb2 22. Qxb2 d5 23. exd6 Qxd6 24. Rad1 Qc7 25. Rfe1 a5 26. h4 axb4 27. axb4 h5 28. Rb1 Rfd8 29. Bf1 Nf5 30. g3 Nd4 31. Bg2 c5 32. b5 Rd7 33. b6 Qd8 34. b7 Qc7 35. Qb6 Kf8 36. Qxc7 Rxc7 37. Rb6 Ke7 38. Ra1 Kd7 39. Ra8 Nc6 40. Bxc6+ Rxc6 41. Rxc6 Kxc6 42. Rxb8 1-0